000 00723cam a22002533a 4500
001 400
003 PGUSA
005 20140828082948.0
008 960101s1996||||xxu|||||s|||||000 p eng d
040 _aPGUSA
_beng
042 _adc
050 4 _aPS
100 1 _aTeasdale, Sara,
_d1884-1933
245 1 0 _aHelen of Troy, and Other Poems
_h[electronic resource] /
_cSara Teasdale
260 _bProject Gutenberg,
_c1996
506 _aPublic domain in the USA.
516 _aElectronic text
653 _aMythology, Greek -- Poetry
653 _aHelen of Troy (Greek mythology) -- Poetry
653 _aLyric poetry
830 0 _aProject Gutenberg
_v400
856 4 0 _uhttp://www.gutenberg.org/ebooks/400
942 _cEB
999 _c229751
_d229751